| 000 | 00981nam a2200277Ia 4500 | ||
|---|---|---|---|
| 003 | OSt | ||
| 005 | 20220927110332.0 | ||
| 006 | a|||||r|||| 00| 0 | ||
| 007 | ta | ||
| 008 | 220926b |||||||| |||| 00| 0 eng d | ||
| 024 | _a138887 | ||
| 037 | _cReference Collections | ||
| 040 |
_aRTL _cRTL _beng |
||
| 041 |
_2eng _aeng |
||
| 082 | _a"U6734.2.N8, N0" | ||
| 100 |
_aSharma SC Ed. _9376185 |
||
| 111 |
_aNational Seminar On Utilization Of Waste Lands For Sustainable Development In India (1987 : Balrampur India) _9376186 |
||
| 245 | 0 |
_aProceedings _bUtilisation of wastelands for susteinable Development in INDIA |
|
| 260 |
_aNew _bDelhi Concept Publications India _c1990 |
||
| 300 |
_a488p _ccm. |
||
| 650 | _aGeography | ||
| 700 |
_a Chaturvedi R.B Ed. _9376187 |
||
| 700 |
_a Mishra O.P Ed. _9376188 |
||
| 942 |
_h"U6734.2.N8, N0" _cCC |
||
| 999 |
_c695559 _d695559 |
||